[Event "IRI-ch U16"]
[Site "Chess.com INT"]
[Date "2021.01.16"]
[Round "7"]
[White "Amiri, Amirali"]
[Black "Goodarzi, Moein1111"]
[Result "1-0"]
[WhiteElo "1795"]
[BlackElo "1460"]
[PlyCount "145"]
[EventDate "2021.01.16"]
[EventType "swiss"]
[EventRounds "11"]
[EventCountry "IRI"]
[SourceTitle "EXT 2022"]
[Source "ChessBase"]
[SourceDate "2021.10.06"]
[SourceVersion "1"]
[SourceVersionDate "2021.10.06"]
[SourceQuality "1"]

1. d4 c6 2. Nf3 d5 3. g3 Bf5 4. Bg2 e6 5. 0-0 Nf6 6. b3 h6 7. Bb2 Nbd7 8. c4 Qb6 9. Nbd2 Be7 10. Rc1 0-0 11. Re1 a5 12. c5 Qc7 13. a3 b6 14. cxb6 Qxb6 15. Nf1 Rab8 16. N3d2 Rfc8 17. Ne3 Bh7 18. Nc2 c5 19. dxc5 Bxc5 20. e3 Be7 21. e4 dxe4 22. Bxe4 Nxe4 23. Nxe4 Nc5 24. Qg4 Bg6 25. Nxc5 Bxc5 26. Nd4 Bxd4 27. Qxd4 Qxd4 28. Rxc8+ Rxc8 29. Bxd4 Rb8 30. Re3 Bc2 31. Bc3 Rb5 32. b4 axb4 33. Bxb4 Kh7 34. Rc3 Bd1 35. f4 Kg6 36. Kf2 Rd5 37. Ke3 Kf5 38. Bc5 g5 39. Rc4 e5 40. Bf8 gxf4+ 41. gxf4 h5 42. Bg7 exf4+ 43. Rxf4+ Kg6 44. Bc3 Bc2 45. Bd4 Ra5 46. Rf6+ Kg5 47. Rxf7 Rxa3+ 48. Kf2 Bg6 49. Rf8 Ra2+ 50. Kg3 h4+ 51. Kf3 Ra3+ 52. Be3+ Kh5 53. Rh8+ Bh7 54. Rxh7+ Kg6 55. Rxh4 Kf5 56. Rh6 Ra1 57. h4 Rf1+ 58. Bf2 Ra1 59. Rh8 Ra3+ 60. Be3 Ra1 61. h5 Rf1+ 62. Kg2 Ra1 63. h6 Kg6 64. Rg8+ Kh7 65. Rg7+ Kh8 66. Bd4 Ra2+ 67. Kf3 Ra3+ 68. Ke4 Ra4 69. Ra7+ Rxd4+ 70. Kxd4 Kg8 71. h7+ Kh8 72. Ra8+ Kg7 73. h8Q+ 1-0

[Event "IRI-ch U16"]
[Site "Chess.com INT"]
[Date "2021.01.16"]
[Round "6"]
[White "Cheshm Alous, Amir Mohammad"]
[Black "Amiri, Amirali"]
[Result "0-1"]
[WhiteElo "1553"]
[BlackElo "1795"]
[PlyCount "80"]
[EventDate "2021.01.16"]
[EventType "swiss"]
[EventRounds "11"]
[EventCountry "IRI"]
[SourceTitle "EXT 2022"]
[Source "ChessBase"]
[SourceDate "2021.10.06"]
[SourceVersion "1"]
[SourceVersionDate "2021.10.06"]
[SourceQuality "1"]

1. e4 e6 2. d4 d5 3. e5 c5 4. c3 Nc6 5. a3 Qb6 6. Nf3 c4 7. Nbd2 Na5 8. Be2 Bd7 9. 0-0 Ne7 10. Rb1 Nc8 11. Qe1 Qc7 12. b3 cxb3 13. Nxb3 Nxb3 14. Rxb3 Nb6 15. Nd2 Be7 16. f4 h6 17. g4 0-0-0 18. f5 f6 19. Bd3 Rde8 20. Nf3 h5 21. h3 hxg4 22. hxg4 Nc4 23. Bf4 exf5 24. gxf5 fxe5 25. Nxe5 Bd6 26. Bxc4 dxc4 27. Rb2 Bxf5 28. Bg3 Bxe5 29. Bxe5 Qc6 30. Rh2 Rxh2 31. Kxh2 Rh8+ 32. Kg3 Qg6+ 33. Kf3 Rh3+ 34. Ke2 Bd3+ 35. Kd2 Bxf1 36. Qxf1 Rd3+ 37. Kc1 Rxc3+ 38. Kd1 Qc2+ 39. Ke1 Re3+ 40. Qe2 Qxe2# 0-1

[Event "Wch U08"]
[Site "Al Ain"]
[Date "2013.12.26"]
[Round "9"]
[White "Amiri, Amirali"]
[Black "Daggupati, Balaji"]
[Result "1-0"]
[WhiteElo "1524"]
[BlackElo "1730"]
[PlyCount "127"]
[EventDate "2013.12.18"]
[EventType "swiss"]
[EventRounds "11"]
[EventCountry "UAE"]
[SourceTitle "CBM 158 Extra"]
[Source "ChessBase"]
[SourceDate "2014.02.28"]
[SourceVersion "1"]
[SourceVersionDate "2014.02.28"]
[SourceQuality "1"]

1. d4 d5 2. c4 c6 3. Nf3 Nf6 4. e3 Bf5 5. Nc3 e6 6. Bd3 Bxd3 7. Qxd3 Bd6 8. 0-0 Nbd7 9. e4 dxe4 10. Nxe4 Nxe4 11. Qxe4 Nf6 12. Qe2 0-0 13. h3 h6 14. Be3 Qc7 15. Rfd1 Rfd8 16. Rac1 Rac8 17. d5 e5 18. c5 Bf8 19. d6 Qa5 20. a3 e4 21. Ne5 b5 22. Bd2 Qa6 23. Ng4 Nxg4 24. Qxg4 Kh8 25. Qxe4 Qb7 26. Qf3 Qd7 27. Bc3 Qe6 28. Re1 Qg6 29. Re4 Qg5 30. Qe3 Qxe3 31. Rxe3 f6 32. Rce1 Kg8 33. Kf1 Kf7 34. Ke2 Re8 35. Kd2 Rxe3 36. Rxe3 Rd8 37. Ba5 Re8 38. d7 Rxe3 39. d8Q Re5 40. Qd7+ Be7 41. Qxc6 Rxc5 42. Qb7 Rf5 43. f3 Re5 44. Bd8 Ke8 45. Bxe7 Rxe7 46. Qxb5+ Kf7 47. Qd5+ Kg6 48. b4 Re5 49. Qd3+ Kf7 50. a4 Ke6 51. Qa6+ Kf5 52. Qxa7 Rd5+ 53. Ke2 g5 54. b5 Re5+ 55. Kf2 Rd5 56. Qe3 Re5 57. Qxe5+ Kxe5 58. b6 Kd6 59. a5 Kc6 60. Ke3 f5 61. Kd4 h5 62. Ke5 g4 63. Kxf5 gxf3 64. gxf3 1-0